000 00515nam a2200193Ia 4500
999 _c14923
_d14923
003 OSt
005 20201019133544.0
008 190216s9999||||xx |||||||||||||| ||und||
020 _a9788185604824
040 _coclc
082 _a294.5
_bILA/W
100 _aIlaiah, Kancha
_95933
245 0 _aWhy Iam Not A Hindu /
_cKancha Ilaiah
250 _a2nd Edi.
260 _bSamya ,
_c2016.
_aKolkata:
300 _a163p
650 _aCritique
942 _cBK
_2ddc
_h294.5
_iILA/W
_k294.5
_mILA/W